Strength in servant leadership / (Record no. 3839)

MARC details
000 -LEADER
fixed length control field 00850pam a2200265 a 4500
001 - CONTROL NUMBER
control field 1934440
003 - CONTROL NUMBER IDENTIFIER
control field AUA.1
005 - DATE AND TIME OF LATEST TRANSACTION
control field 20180411150413.0
008 - FIXED-LENGTH DATA ELEMENTS--GENERAL INFORMATION
fixed length control field 861120s1987 txu b 000 0 eng
010 ## - LIBRARY OF CONGRESS CONTROL NUMBER
LC control number 86028249
020 ## - INTERNATIONAL STANDARD BOOK NUMBER
International Standard Book Number 0849930863 (pbk.)
020 ## - INTERNATIONAL STANDARD BOOK NUMBER
International Standard Book Number 0849905303 (hard) :
Terms of availability $12.95
040 ## - CATALOGING SOURCE
Original cataloging agency DLC
Transcribing agency DLC
Modifying agency DLC
050 00 - LIBRARY OF CONGRESS CALL NUMBER
Classification number BV 652.1
Item number .C443 1987
082 00 - DEWEY DECIMAL CLASSIFICATION NUMBER
Classification number 253
Edition number 19
100 1# - MAIN ENTRY--PERSONAL NAME
Personal name Cedar, Paul A.,
Dates associated with a name 1938-
9 (RLIN) 13788
245 10 - TITLE STATEMENT
Title Strength in servant leadership /
Statement of responsibility, etc Paul A. Cedar.
260 ## - PUBLICATION, DISTRIBUTION, ETC. (IMPRINT)
Place of publication, distribution, etc Waco, Tex. :
Name of publisher, distributor, etc Word Books,
Date of publication, distribution, etc c1987.
300 ## - PHYSICAL DESCRIPTION
Extent 173 p. ;
Dimensions 22 cm.
504 ## - BIBLIOGRAPHY, ETC. NOTE
Bibliography, etc Bibliography: p. 173.
650 #0 - SUBJECT ADDED ENTRY--TOPICAL TERM
Topical term or geographic name as entry element Christian leadership.
9 (RLIN) 13789
650 #0 - SUBJECT ADDED ENTRY--TOPICAL TERM
Topical term or geographic name as entry element Servant leadership
General subdivision Religious aspects
-- Christianity.
9 (RLIN) 13790
906 ## - LOCAL DATA ELEMENT F, LDF (RLIN)
a 7
b cbc
c orignew
d 1
e ocip
f 19
g y-gencatlg
942 ## - ADDED ENTRY ELEMENTS (KOHA)
Source of classification or shelving scheme Library of Congress Classification
Koha item type Books
Classification part BV 652.1
Item part .C443 1987
Holdings
Withdrawn status Lost status Source of classification or shelving scheme Damaged status Not for loan Collection code Home library Current library Shelving location Date acquired Source of acquisition Cost, normal purchase price Serial Enumeration / chronology Total Checkouts Total Renewals Full call number Barcode Date last seen Date checked out Cost, replacement price Price effective from Koha item type
    Library of Congress Classification     Books Judith Thomas Library Judith Thomas Library General Stacks 16/11/2011 Donation, Biblical Research Institute 10.00 AUA004365 3 1 BV 652.1 .C443 1987 AUA004365 08/05/2015 04/05/2015 10.00 16/11/2011 Books